000 00461nam a2200169Ia 4500
003 GCL
008 140319s9999 xx 000 0 ara d
040 _aGCL /
_cGCL
082 0 4 _a813.03
_bو ر
100 1 _aوليد الحجار
245 1 0 _aرحلة النيلوفر او اخر الامويين /
_cوليد الحجار
300 _a632 ص
490 _a100 قصة
_v0
650 0 4 _aالادب العربى
650 0 4 _aالقصص
942 _2ddc
_cBK
999 _c44313
_d44313